| 000 | 00923nas a2200277 4500 | ||
|---|---|---|---|
| 001 | BR2016000269 | ||
| 003 | BR-BrBNA | ||
| 005 | 20231205130044.0 | ||
| 007 | ta | ||
| 008 | 230509b bl.|||p| |||| 00| 00por d | ||
| 040 |
_aBR-BrBNA _bpor _cBiblioteca Nacional de Agricultura |
||
| 041 | _a(Pt) | ||
| 072 | _aL10; L01 | ||
| 100 | 1 | _aPrata, M.A. | |
| 100 | 1 | _aVercesi Filho, A.E. | |
| 100 | 1 | _aFaro, L. E. | |
| 100 | 1 | _aEl Faro, L. | |
| 245 | 1 | _aObjetivos de seleção para características de produção e qualidade do leite para a raça Gir Leiteiro | |
| 650 | _aGADO LEITEIRO | ||
| 650 | _aFERTILIDADE | ||
| 650 | _aPRODUCAO LEITEIRA | ||
| 650 | _aMELHORAMENTO GENETICO ANIMAL | ||
| 773 | 0 |
_tInforme Agropecuário - Empresa de Pesquisa Agropecuária de Minas Gerais (Brazil) _xISSN 0100-3364 _g(2015), v. 36(286) p. 41-50 _wBR2016000269 |
|
| 909 |
_a202311 _bLúcia _c55 _dLúcia Elande |
||
| 942 |
_2AGRIS _n0 _cANA |
||
| 999 |
_c247676 _d247676 |
||